| 000 | 00486nam a2200205Ia 4500 | ||
|---|---|---|---|
| 008 | 160803s9999 xx 000 0 und d | ||
| 020 | _a9780385746625 | ||
| 100 | _aPaulsen, Gary | ||
| 245 | _aLawn Boy returns / | ||
| 245 | _cGary Paulsen. | ||
| 260 | _aNew York : | ||
| 260 | _bScholastic Inc. | ||
| 260 | _c2010 | ||
| 300 | _a101 pages ; | ||
| 300 | _c19 cm | ||
| 650 | _aBusiness enterprises -- | ||
| 650 | _aHumorous stories. | ||
| 650 | _xFiction. | ||
| 700 | _a920 | ||
| 999 |
_c299432 _d299432 |
||